| 000 | 00577nam a2200205 a 4500 | ||
|---|---|---|---|
| 005 | 20210223123945.0 | ||
| 008 | 991125n 000 0 spa u | ||
| 035 | _aUPN01000086202 | ||
| 100 | 1 |
_aApel, Tuli _931167 |
|
| 222 | _aLA EDUCACION EN LOS PRIMEROS AÑOS | ||
| 245 | _aLos informes, un instrumento de individualización en la enseñanza | ||
| 260 | _aMéxico | ||
| 300 | _a20-41 | ||
| 362 | 0 | _a1999 Año 2, no. 15, ago. | |
| 653 | 0 | _aFAMILIA | |
| 653 | 0 | _aINTERACCION PADRES-MAESTRO | |
| 653 | 0 | _aJARDIN DE NIÑOS | |
| 904 |
_aAC _b024013 |
||
| 905 | _aArticulo | ||
| 999 |
_c72205 _d72205 |
||